|
|
|
|
| LEADER |
00000nam0a2200000 4500 |
| 001 |
164982 |
| 005 |
20231101222525.0 |
| 010 |
|
|
|a 5020246638
|
| 020 |
|
|
|a RU
|b 92-13502
|
| 035 |
|
|
|a (RuTPU)RU\TPU\book\178979
|
| 090 |
|
|
|a 164982
|
| 100 |
|
|
|a 20090911d1992 km y0rusy5003 ca
|
| 101 |
0 |
|
|a rus
|
| 102 |
|
|
|a RU
|
| 105 |
|
|
|a ab z 001zy
|
| 200 |
1 |
|
|a Минералогия альпинотипных ультрабазитов Урала
|f А. Б. Макеев
|g Российская академия наук Ран, Коми научный центр, Институт геологии ; под ред. Н. П. Юшкина
|
| 210 |
|
|
|a СПб.
|c Наука
|c С.-Петербург. отд-ние
|d 1992
|
| 215 |
|
|
|a 197 с.
|c ил.
|d 22 см
|
| 320 |
|
|
|a Библиогр.: с. 188-195 (149 назв.).
|
| 606 |
1 |
|
|a Ультрабазиты
|2 stltpush
|3 (RuTPU)RU\TPU\subj\62990
|9 80043
|
| 610 |
1 |
|
|a горные породы
|
| 610 |
1 |
|
|a минералогический состав
|
| 610 |
1 |
|
|a Урал
|
| 610 |
1 |
|
|a ультрабазиты
|
| 610 |
1 |
|
|a метаморфизм
|
| 675 |
|
|
|a 552.321.5/.6
|z rus
|
| 700 |
|
1 |
|a Макеев
|b А. Б.
|g Александр Борисович
|4 070
|
| 702 |
|
1 |
|a Юшкин
|b Н. П.
|4 340
|
| 712 |
0 |
2 |
|a Российская академия наук (РАН)
|b Уральское отделение (УрО)
|b Коми научный центр (КомиНЦ)
|b Институт геологии (ИГ)
|c (Сыктывкар)
|2 stltpush
|3 (RuTPU)RU\TPU\col\7925
|
| 801 |
|
0 |
|a RU
|b RuMRKP
|c 19950417
|g psbo
|
| 801 |
|
1 |
|a RU
|b 63413507
|c 20090911
|
| 801 |
|
2 |
|a RU
|b 63413507
|c 20130311
|g RCR
|
| 942 |
|
|
|c BK
|